|
|
|
|
| LEADER |
00000nab a2200000 a 4500 |
| 001 |
vtls010108812 |
| 003 |
SK-MaSNL |
| 005 |
20260304155542.0 |
| 008 |
250507c2010 xo ||||||||||||00 b|slo |
| 015 |
|
|
|a SNBRB2010/06
|2 snkbucl
|
| 035 |
|
|
|a (uuid)db85c1ca-15e2-4bce-9ef1-59923cfef8eb
|
| 035 |
|
|
|a urn:nbn:sk:snk-abc62h
|
| 035 |
|
|
|a (urnnbn)urn:nbn:sk:snk:ar-003xjr
|
| 038 |
|
|
|a SNKBUCL
|
| 040 |
|
|
|a SNKBUCL
|b slo
|c SNKBUCL
|e AACR2
|
| 041 |
0 |
|
|a slo
|
| 044 |
|
|
|a xo
|c SK
|
| 080 |
|
|
|a 821.162.4-1
|2 2001
|
| 100 |
1 |
|
|a Gallo, Igor,
|d 1936-2019
|4 aut
|9 85732
|
| 245 |
1 |
0 |
|a Ukážky z tvorby
|c Igor Gallo
|
| 500 |
|
|
|a Blok obsahuje 4 básne
|
| 650 |
0 |
7 |
|a slovenská poézia
|2 snkbucl
|9 215422
|
| 740 |
0 |
2 |
|a Dopisy do neba
|
| 740 |
0 |
2 |
|a V čase i nečase
|
| 740 |
0 |
2 |
|a Zbohom aj s batohom
|
| 740 |
0 |
2 |
|a Fliačik zeme
|
| 773 |
0 |
|
|t Dotyky
|g Roč. XXII, č. 1 (2010), s. 7-8
|x 1210-2210
|
| 850 |
|
|
|a Slovenská národná knižnica
|
| 852 |
|
|
|a Slovenská národná knižnica
|
| 958 |
|
|
|a article15
|
| 958 |
|
|
|a OND
|
| 958 |
|
|
|a LX
|
| 958 |
|
|
|a SK
|
| 958 |
|
|
|a EUIPO
|
| 999 |
|
|
|c 2963039
|d 2964969
|